000 00501nam a2200205Ia 4500
003 GCL
008 140319s9999 xx 000 0 eng d
040 _aGCL /
_cGCL
082 0 4 _a350
_bS P
100 1 _aSRIVASTAVA, P.C.
245 1 0 _aPROBLEMS IN PHYSICS /
_cSRIVASTAVA, P.C.
260 _a[S.N] :
_bWILEY EASTERN LIMITED ،
_c1994
300 _a519 P
650 0 4 _aOPTICS
650 0 4 _aTHERMODYNAMICS
650 0 4 _aPHYSICS
650 0 4 _aMECHANICS
650 0 4 _aMAGNETISM
942 _2ddc
_cBK
999 _c20516
_d20516